Welcome to CU Library Online Public Access Catalogue (OPAC)

Pocket Nurses' Dictionary (Record no. 8516)

MARC details
000 -LEADER
fixed length control field 00531nam a22001697a 4500
005 - DATE AND TIME OF LATEST TRANSACTION
control field 20251209141838.0
008 - FIXED-LENGTH DATA ELEMENTS--GENERAL INFORMATION
fixed length control field 251209b |||||||| |||| 00| 0 eng d
020 ## - INTERNATIONAL STANDARD BOOK NUMBER
International Standard Book Number 9788174732996
050 ## - LIBRARY OF CONGRESS CALL NUMBER
Classification number RT21 POC
245 ## - TITLE STATEMENT
Title Pocket Nurses' Dictionary
Statement of responsibility, etc. edited and compiled by L. C. Gupta, Kusum Gupta & Abhishek Gupta
250 ## - EDITION STATEMENT
Edition statement 3rd ed.
Remainder of edition statement colour edition
260 ## - PUBLICATION, DISTRIBUTION, ETC.
Place of publication, distribution, etc. New Delhi
Name of publisher, distributor, etc. AITBS Publishers
Date of publication, distribution, etc. 2008
300 ## - PHYSICAL DESCRIPTION
Extent 690p.
Other physical details ill. some color
Dimensions 14cm
700 ## - ADDED ENTRY--PERSONAL NAME
Personal name Gupta, Kusum
700 ## - ADDED ENTRY--PERSONAL NAME
Personal name Gupta, Abhishek
942 ## - ADDED ENTRY ELEMENTS (KOHA)
Source of classification or shelving scheme Library of Congress Classification
Koha item type Books
Edition 3rd ed.
Suppress in OPAC No
999 ## -
-- 8516
-- 8516
Holdings
Withdrawn status Lost status Source of classification or shelving scheme Damaged status Not for loan Collection Home library Current library Shelving location Date acquired Total checkouts Full call number Barcode Date last seen Copy number Price effective from Koha item type
    Library of Congress Classification     Non-fiction Science Library (Miotso) Science Library (Miotso) Reference 12/09/2025   RT21 POC SLM00006538 12/09/2025 1 12/09/2025 Books
© 2023-2024 Copyright: Central University Libraries. All Rights Reserved | Created by: Mahone Tech Office